000 00581nam a2200181Ia 4500
003 GCL
008 140319s9999 xx 000 0 ara d
040 _aGCL /
_cGCL
082 0 4 _a262
_bم ط
100 1 _aمحمد متولى الشعراوى
245 1 0 _aالطريق الى الله /
_cمحمد متولى الشعراوى
260 _aالقاهرة :
_bالمكتب المصرى الحديث ،
_c1981
300 _a158 ص ؛
_c24 سم
650 0 4 _aالاسلام
650 0 4 _aالدين الاسلامى
650 0 4 _aالاسلام والعلم
942 _2ddc
_cBK
999 _c49029
_d49029